书目信息 |
| 题名: |
基础护理学考题解
|
|
| 作者: | 陈维英 主编 | |
| 分册: | ||
| 出版信息: | 上海 上海医科大学出版社 1995.02 |
|
| 页数: | 282页 | |
| 开本: | 20cm | |
| 丛书名: | ||
| 单 册: | ||
| 中图分类: | R47-44 | |
| 科图分类: | ||
| 主题词: | 护理学 | |
| 电子资源: | ||
| ISBN: | 7-5627-0249-7 | |
| 000 | 00556nam0 2200193 45 | |
| 001 | 0333323484 | |
| 005 | 2003092609152302 | |
| 010 | @a7-5627-0249-7@dRMB 10.50 | |
| 100 | @a20030926d1995 km y0chiy0120 ea | |
| 101 | 0 | @achi |
| 102 | @aCN@b310000 | |
| 200 | 1 | @a基础护理学考题解@Aji chu hu li xue kao ti jie@f陈维英主编@Fchen wei ying zhu bian |
| 210 | @a上海@c上海医科大学出版社@d1995.02 | |
| 215 | @a282页@d20cm | |
| 606 | 0 | @a护理学 |
| 690 | @aR47-44@v3 | |
| 701 | 0 | @a陈维英@Achen wei ying@4主编 |
| 801 | 0 | @aCN@bPFT@c20030926 |
| 905 | @aBZT@dR47-44@e1@f5 | |
| 基础护理学考题解/陈维英主编.-上海:上海医科大学出版社,1995.02 |
| 282页;20cm |
| ISBN 7-5627-0249-7:RMB 10.50 |
| ● |
| 相关链接 |
|
|
|
正题名:基础护理学考题解
索取号:R47-44/1
 
预约/预借
| 序号 | 登录号 | 条形码 | 馆藏地/架位号 | 状态 | 备注 |
| 1 | 0351293 | 200334557 | 教材工具书阅览室/工2架A面3层2列/ [索取号:R47-44/1] | 在馆 | |
| 2 | 0351294 | 200334548 | 教材工具书阅览室/工2架A面3层2列/ [索取号:R47-44/1] | 在馆 | |
| 3 | 0351295 | 200334539 | 教材工具书阅览室/工2架A面3层2列/ [索取号:R47-44/1] | 在馆 | |
| 4 | 0351296 | 200334520 | 教材工具书阅览室/工2架A面3层2列/ [索取号:R47-44/1] | 在馆 | |
| 5 | 0351297 | 200334600 | 教材工具书阅览室/工2架A面3层2列/ [索取号:R47-44/1] | 在馆 |